|
|
|
|
| LEADER |
02891nim a2200781 i 4500 |
| 001 |
001724594 |
| 003 |
CZ BrMZK |
| 005 |
20200520114753.0 |
| 007 |
sd fungnnmmned |
| 008 |
200109s2018 xr ||nng h n cze |
| 015 |
|
|
|a cnb003102645
|
| 024 |
3 |
|
|a 8594050424890
|
| 040 |
|
|
|a BOA001
|b cze
|e rda
|
| 043 |
|
|
|a e-xr---
|a a-ai---
|a a-gs---
|a a-aj---
|
| 045 |
|
|
|a y1y1
|
| 072 |
|
7 |
|a 913(4)
|x Geografie Evropy, reálie, cestování
|2 Konspekt
|9 7
|
| 072 |
|
7 |
|a 929
|x Biografie
|2 Konspekt
|9 8
|
| 080 |
|
|
|a 2-57-051
|2 MRF
|
| 080 |
|
|
|a 910.4
|2 MRF
|
| 080 |
|
|
|a 796.51
|2 MRF
|
| 080 |
|
|
|a 908(479.25)
|2 MRF
|
| 080 |
|
|
|a 908(479.22)
|2 MRF
|
| 080 |
|
|
|a 908(479.243)
|2 MRF
|
| 080 |
|
|
|a 929
|2 MRF
|
| 080 |
|
|
|a (437.3)
|2 MRF
|
| 080 |
|
|
|a (0:82-992)
|2 MRF
|
| 080 |
|
|
|a (0:82-322.6)
|2 MRF
|
| 080 |
|
|
|a (086.7)08
|2 MRF
|
| 080 |
|
|
|a (086.76)
|2 MRF
|
| 100 |
1 |
|
|a Zibura, Ladislav,
|d 1992-
|7 ola2015893402
|4 aut
|4 nrt
|
| 245 |
1 |
0 |
|a Už nikdy pěšky po Arménii a Gruzii /
|c Ladislav Zibura
|
| 264 |
|
1 |
|a [Brno] :
|b BizBooks,
|c [2018]
|
| 264 |
|
4 |
|c ©2018
|
| 300 |
|
|
|a 1 audiodisk (9 hod., 52 min.) ;
|c 12 cm
|
| 306 |
|
|
|a 095200
|
| 336 |
|
|
|a mluvené slovo
|b spw
|2 rdacontent
|
| 337 |
|
|
|a audio
|b s
|2 rdamedia
|
| 338 |
|
|
|a audiodisk
|b sd
|2 rdacarrier
|
| 344 |
|
|
|a digital
|b optical
|2 rda
|
| 347 |
|
|
|a audio soubor
|b MP3
|2 rda
|
| 500 |
|
|
|a Název z disku
|
| 500 |
|
|
|a Copyright Albatros Media
|
| 500 |
|
|
|a Audiokniha na 1 CD ve formátu MP3
|
| 508 |
|
|
|a Režie Alexandra Bauerová
|
| 511 |
0 |
|
|a Čte Ladislav Zibura
|
| 518 |
|
|
|o Nahráno
|d únor a březen 2018
|p studio Recording studio Škroupova Brno
|
| 600 |
1 |
7 |
|a Zibura, Ladislav,
|d 1992-
|7 ola2015893402
|2 czenas
|
| 648 |
|
7 |
|a 2011-2020
|7 ch460589
|2 czenas
|
| 648 |
|
7 |
|a 20.-21. století
|7 ch462155
|2 czenas
|
| 650 |
0 |
7 |
|a poutníci
|7 ph206892
|z Česko
|y 20.-21. století
|2 czenas
|
| 650 |
0 |
7 |
|a cesty a pobyt
|7 ph137578
|z Arménie
|y 2011-2020
|2 czenas
|
| 650 |
0 |
7 |
|a cesty a pobyt
|7 ph137578
|z Gruzie
|y 2011-2020
|2 czenas
|
| 650 |
0 |
7 |
|a cesty a pobyt
|7 ph137578
|z Ázerbájdžán
|y 2011-2020
|2 czenas
|
| 650 |
0 |
7 |
|a pěší turistika
|7 ph124864
|z Arménie
|2 czenas
|
| 650 |
0 |
7 |
|a pěší turistika
|7 ph124864
|z Gruzie
|2 czenas
|
| 650 |
0 |
7 |
|a pěší turistika
|7 ph124864
|z Ázerbájdžán
|2 czenas
|
| 651 |
|
7 |
|a Arménie
|7 ge128679
|x vlastivěda
|2 czenas
|
| 651 |
|
7 |
|a Gruzie
|7 ge129207
|x vlastivěda
|2 czenas
|
| 651 |
|
7 |
|a Náhorní Karabach (Ázerbájdžán)
|7 ge130264
|x vlastivěda
|2 czenas
|
| 655 |
|
7 |
|a cestopisy
|7 fd131956
|2 czenas
|
| 655 |
|
7 |
|a autobiografické příběhy
|7 fd131891
|2 czenas
|
| 655 |
|
7 |
|a audioknihy
|7 fd119452
|2 czenas
|
| 655 |
|
7 |
|a kompaktní disky
|7 fd201991
|2 czenas
|
| 700 |
1 |
|
|a Bauerová, Alexandra
|7 ola2014823513
|4 drt
|
| 910 |
|
|
|a BOA001
|b CDR-1443.523
|
| 990 |
|
|
|a AV
|
| 991 |
|
|
|b 202005
|c NOV
|
| 996 |
6 |
|
|b 2610814437
|c CDR-1443.523
|l MZK
|r Sklad / do 24 hodin
|n 1
|p p.v.
|w 001781620
|u 000010
|a 1
|e BOA001
|j MZK50
|s P
|